000 00240nam a2200097Ia 4500
001 639790
005 20250826153434.0
008 250824s9999 xx 000 0 und d
245 0 _aMektup Arkadaşı Aranıyor
_cHüsnan Şeker
260 _bALTIN
999 _c639790
_d639790